000 01014nam a2200277 i 4500
001 13473
003 ES-MaACL
005 20250828092114.0
007 t|
008 980416s1996 sp |||| | spa d
020 _a84-87291-25-2
080 _a946.038(059.3)
100 1 _aMorales, Gabriel de.
_982986
245 1 0 _aEfemérides de la historia de Melilla (1497-1913) /
_cGabriel de Morales ; edición de Vicente Moga Romero y Antonio Bravo Nieto.
260 _aMelilla :
_bServicio de Publicaciones del Centro UNED de Melilla,
_cD.L. 1996.
300 _a459 p. ;
_c25 cm.
490 1 _aBiblioteca Gabriel de Morales
500 _aÍndices.
651 4 _aMelilla-
_xHistoria.
_99051
700 1 _aMoga Romero, Vicente
_981782
700 1 _aBravo Nieto, Antonio.
_931500
710 2 _aUniversidad Nacional de Educación a Distancia (España).
_bCentro Asociado de Melilla
_97407
830 0 _aBiblioteca Gabriel de Morales
_9228421
852 _aES-MaACL
_jL-20850
999 _c13473
_d13473